Religion Quiz

Random Religion Quiz
Score 0/14 Timer 05:00
0 Plays Today
station % Correct
Simon helps Christ carry his cross
85.9%
Christ is nailed to the cross
65.9%
Veronica wipes Christ's face
64.4%
Christ dies on the cross
63%
Christ meets his mother
60%
Christ falls the first time
57.8%
Christ falls the second time
57.8%
station % Correct
Christ is condemned to die
57%
Christ falls the third time
55.6%
Christ is taken down from the cross
51.9%
Christ is laid in the tomb
48.1%
Christ is stripped
45.9%
Christ meets the women of Jerusalem
44.4%
Christ is made to bear his cross
32.6%
Remove Ads.
Support Sporcle.
Get the best of Sporcle when you Go Orange. This ad-free experience offers more features, more stats, and more fun while also helping to support Sporcle. Thank you for becoming a member.

You're not logged in!

Compare scores with friends on all Sporcle quizzes.
OR
Log In

Show Comments

Extras

Created Oct 9, 2009SourceReportNominate
Tags:cross, station

Top Quizzes Today


Score Distribution

Your Account Isn't Verified!

In order to create a playlist on Sporcle, you need to verify the email address you used during registration. Go to your Sporcle Settings to finish the process.

Report this User

Report this user for behavior that violates our Community Guidelines.

Details: